Redes globales de información con Internet y TCP-IP

Saved in:
Bibliographic Details
Main Author: Comer, Douglas E (Author)
Format: Book
Language:Spanish
Published: Ciudad de México Prentice Hall Hispanoamericana 1996
Subjects:
Tags: Add Tag
No Tags, Be the first to tag this record!

MARC

LEADER 00000nam a2200000 a 4500
001 UCN3879
003 CL-VaPUC
008 010713e19960000MX |||||||||||||||||spa|d
082 0 4 |a 004.62  |b COM  |2 21 
100 0 |a Comer, Douglas E  |e author  |9 460474 
245 1 0 |a Redes globales de información con Internet y TCP-IP 
300 |a 621 p 
942 |c BK 
945 |d 20010713 00:00:00  |a vberengu 
260 |a Ciudad de México  |b Prentice Hall Hispanoamericana  |c 1996 
500 |a v.1: Principios básicos, Protocolos y Arquitectura 
650 0 |a Internet   |9 254823 
650 7 |a TCP-IP PROTOCOLO DE REDES DE COMPUTADORES  |2 CL-VaPUC  |9 325405 
650 0 |a Redes de computadores  |9 263293 
650 7 |a PROTOCOLOS DE REDES DE COMPUTADORES  |2 CL-VaPUC  |9 328124 
583 |a last modification  |c 20190713 21:45:37  |k Rodrigo Vera 
999 |c 296550  |d 296548